[Event "Stuttgarter SF 2 - TSV Schönaich 2"]
[Site "?"]
[Date "2022.05.15"]
[Round "9.4"]
[White "Forster, Lukas"]
[Black "Schnadt, Florian"]
[Result "1-0"]
[WhiteElo "1905"]
[BlackElo "2046"]
[PlyCount "73"]
[EventDate "2022.??.??"]

1. e4 c5 2. Nf3 e6 3. d4 cxd4 4. Nxd4 a6 5. Nc3 Qc7 6. Qf3 Nc6 7. Be3 b6 8.
O-O-O Bb7 9. Nxc6 dxc6 10. g4 Bd6 11. h4 Nf6 12. Bxb6 Bf4+ 13. Kb1 Qxb6 14.
Qxf4 c5 15. g5 Nd7 16. Rxd7 Kxd7 17. Qxf7+ Kc8 18. Bh3 Kb8 19. Bxe6 Qc7 20. Qf3
Qd6 21. Bd5 Rf8 22. Qe3 Bxd5 23. Nxd5 Ra7 24. Rd1 Raf7 25. e5 Qe6 26. f4 Rc8
27. c4 Rb7 28. Qe4 g6 29. Ka1 Rd8 30. h5 a5 31. Qe3 Qg4 32. Rg1 Qxh5 33. e6 Qh2
34. Rb1 Re8 35. e7 Qc2 36. Qe5+ Kc8 37. Qd6 1-0

[Event "Stuttgarter SF 2 - TSV Schönaich 2"]
[Site "?"]
[Date "2022.05.15"]
[Round "9.5"]
[White "Stukenbrok, Nils"]
[Black "Migl, Dieter"]
[Result "1/2-1/2"]
[WhiteElo "2063"]
[BlackElo "2150"]
[PlyCount "67"]
[EventDate "2022.??.??"]

1. d4 d5 2. c4 e6 3. Nc3 c6 4. e3 Nf6 5. Nf3 a6 6. b3 Bb4 7. Bd2 O-O 8. Bd3
Nbd7 9. O-O Bd6 10. e4 dxc4 11. bxc4 e5 12. d5 Nc5 13. Ne1 h6 14. Rb1 Qe7 15.
Qe2 Re8 16. Bc2 cxd5 17. cxd5 b5 18. Nd3 Bg4 19. f3 Nxd3 20. Bxd3 Qa7+ 21. Be3
Bc5 22. Kf2 Bd7 23. Rfc1 Rec8 24. a3 Qb6 25. Nd1 Qd6 26. Bxc5 Rxc5 27. Qb2 Rac8
28. Ne3 Ne8 29. Ke2 f6 30. Kd2 Qb6 31. Rxc5 Rxc5 32. Rc1 Rxc1 33. Qxc1 Nd6 34.
Qb2 1/2-1/2

[Event "Stuttgarter SF 2 - TSV Schönaich 2"]
[Site "?"]
[Date "2022.05.15"]
[Round "9.6"]
[White "Gabriel, Josef"]
[Black "Steinhart, Christoph"]
[Result "0-1"]
[WhiteElo "2053"]
[BlackElo "2000"]
[PlyCount "68"]
[EventDate "2022.??.??"]

1. e4 c5 2. Nf3 d6 3. Bb5+ Bd7 4. Bxd7+ Nxd7 5. Nc3 g6 6. O-O Bg7 7. d3 Ngf6 8.
Bg5 h6 9. Bd2 O-O 10. a4 Kh7 11. a5 a6 12. Re1 b5 13. axb6 Qxb6 14. b3 e6 15.
e5 dxe5 16. Nxe5 Nxe5 17. Rxe5 Nd5 18. Na4 Qd6 19. Re4 Bxa1 20. Qxa1 f5 21. Rc4
Rac8 22. Qc1 f4 23. Qa3 Rf5 24. d4 Nb6 25. Nxb6 Qxb6 26. dxc5 Rcxc5 27. Rd4 Rc7
28. Qa4 e5 29. Rb4 Qd6 30. Qa5 Rff7 31. Rb6 Qd4 32. c4 f3 33. h3 Rcd7 34. Be3
Qxe3 0-1

[Event "Stuttgarter SF 2 - TSV Schönaich 2"]
[Site "?"]
[Date "2022.05.15"]
[Round "9.8"]
[White "Strobel, Matthias"]
[Black "Kilinc, Can"]
[Result "0-1"]
[WhiteElo "2082"]
[BlackElo "1960"]
[PlyCount "98"]
[EventDate "2022.??.??"]

1. d4 Nf6 2. c4 g6 3. Nc3 Bg7 4. Nf3 d6 5. Bg5 O-O 6. e3 Nbd7 7. Be2 c5 8. O-O
h6 9. Bh4 g5 10. Bg3 Nh5 11. Qc2 Nxg3 12. hxg3 Nf6 13. Rad1 Qa5 14. d5 Bg4 15.
Nh2 Bxe2 16. Qxe2 Nd7 17. Rc1 a6 18. f4 gxf4 19. gxf4 b5 20. Rf3 b4 21. Ne4
Qxa2 22. Rg3 f5 23. Ng4 fxg4 24. Qxg4 Qxb2 25. Rf1 Rf7 26. Qxd7 Kh8 27. Nxd6
exd6 28. Qxf7 a5 29. f5 Qf6 30. Qb7 Rf8 31. Rg6 Qe5 32. Re6 Qc3 33. Qe7 Rf6 34.
Qd8+ Kh7 35. Qxd6 Qxe3+ 36. Rxe3 Rxd6 37. Re6 Bf8 38. Ra1 Rd8 39. Rxa5 Rb8 40.
Rb5 Rxb5 41. cxb5 b3 42. b6 b2 43. Re1 c4 44. b7 Bd6 45. Re7+ Kg8 46. b8=Q+
Bxb8 47. Re8+ Kf7 48. Rxb8 c3 49. d6 c2 0-1